00000000nam##2200000za#4500
0019.662931
003CaOODSP
00520210615120815
007ta
008150407|2001||||xxc|||||     f|0| 0 eng|d
020 |a0-662-65877-9
040 |aCaOODSP|beng
041 |aeng
041 |afre
043 |an-cn---
0861 |aT22-106/2001
1101 |aCanada. |bTransport Canada.
24510|aCreating a transportation blueprint for the next decade and beyond : |bdefining the challenges
260 |aOttawa - Ontario : |bTransport Canada |c2001.
300 |aEnglish text, 16p. ; |c22 cm.
546 |aBilingual
563 |aSoftcover
590 |a01-30|b2001-07-27
69007|aTransport|2gcpds
69007|aUrban transit|2gcpds
7760#|tCréation d'un schéma d'orientation des transports pour la prochaine décennie et au-delà : |w(CaOODSP)9.639881
7760#|tCreating a transportation blueprint for the next decade and beyond : |w(CaOODSP)9.695759
792 |tCréation d'un schéma d'orientation des transports pour la prochaine décennie et au delà : |efre|w(CaOODSP)9.662932
986 |aTP13786